| 000 | 00514nam a2200181Ia 4500 | ||
|---|---|---|---|
| 999 |
_c7588 _d7588 |
||
| 003 | OSt | ||
| 005 | 20200114160948.0 | ||
| 008 | 190216s9999||||xx |||||||||||||| ||und|| | ||
| 020 | _a9788184887129 | ||
| 040 | _coclc | ||
| 082 |
_a657.42 _bARO/C |
||
| 100 |
_aArora, M N _91180 |
||
| 245 | 0 |
_aCost And Management Accounting / _c M N Arora |
|
| 260 |
_bHimalaya Publishing House, _c2004. _aMumbai: |
||
| 300 | _a428p | ||
| 650 | _xAccounting | ||
| 942 |
_cBK _2ddc _h657.42 _iARO/C _k657.42 _mARO/C |
||